000 00361 a2200109 4500
001 ART_18534
005 20260410161702.0
008 260409a
245 1 0 _aEl decreto 1277/2010 y la derogación de los reintegros de gastos por parte de la AFIP.
100 1 _aGarcía, Fernando
773 0 _tRevista Impuestos
_g- Nº 13 (dic. 2010)
_wREV639
999 _c15317
_d15317